[Event "15th Rubinstein Memorial"]
[Site "Polanica Zdroj POL"]
[Date "1977.08.12"]
[Round "6"]
[White "Pokojowczyk, Jerzy"]
[Black "Schinzel, Wladyslaw"]
[Result "1/2-1/2"]
[WhiteElo "2345"]
[BlackElo "2375"]
[EventDate "1977.08.05"]
[PlyCount "39"]

1.e4 e5 2.Nf3 Nc6 3.Bb5 d6 4.d4 exd4 5.Nxd4 Bd7 6.O-O g6 7.b3 Bg7 8.Bb2 
Nf6 9.Re1 Nxd4 10.Bxd7+ Nxd7 11.Bxd4 Bxd4 12.Qxd4 Qf6 13.Qxf6 Nxf6 14.c4 
O-O-O 15.Nc3 Rhe8 16.Rad1 a6 17.f3 h5 18.Kf2 c6 19.b4 Kc7 20.c5 1/2-1/2

[Event "15th Rubinstein Memorial"]
[Site "Polanica Zdroj POL"]
[Date "1977.08.12"]
[Round "6"]
[White "Quinteros, Miguel Angel"]
[Black "Kirov, Nino"]
[Result "1-0"]
[WhiteElo "2555"]
[BlackElo "2435"]
[EventDate "1977.08.05"]
[PlyCount "62"]

1.Nf3 Nf6 2.c4 g6 3.d4 Bg7 4.g3 O-O 5.Bg2 c6 6.O-O d5 7.Qa4 Ne4 8.Nc3 Bf5 
9.Nh4 Bg4 10.cxd5 cxd5 11.Nxe4 dxe4 12.Bxe4 Nc6 13.e3 e5 14.d5 Ne7 15.Bg2 
Bd7 16.Qb3 Nc8 17.Bd2 g5 18.Nf3 e4 19.Nd4 Bxd4 20.exd4 Nd6 21.Bb4 Bf5 22.
g4 Bg6 23.Qg3 Nb5 24.Bxf8 Kxf8 25.Qb3 Qd7 26.f3 exf3 27.Qxf3 Kg8 28.h3 
Nxd4 29.Qf2 Nb5 30.Qf6 h6 31.Rae1 Re8 1-0

[Event "15th Rubinstein Memorial"]
[Site "Polanica Zdroj POL"]
[Date "1977.08.12"]
[Round "6"]
[White "Vogt, Lothar"]
[Black "Ghitescu, Theodor"]
[Result "1-0"]
[WhiteElo "2495"]
[BlackElo "2440"]
[EventDate "1977.08.05"]
[PlyCount "73"]

1.e4 c5 2.Nf3 d6 3.d4 cxd4 4.Nxd4 Nf6 5.Nc3 a6 6.Be2 e5 7.Nb3 Be7 8.O-O 
O-O 9.a4 Be6 10.f4 Qc7 11.f5 Bc4 12.a5 Nbd7 13.Kh1 b5 14.axb6 Nxb6 15.Bg5 
Rfd8 16.Bxf6 Bxf6 17.Bxc4 Qxc4 18.Na5 Qc7 19.Qd3 Rdc8 20.Rfd1 Be7 21.Ra2 
h6 22.g3 Kf8 23.Kg2 Kg8 24.h4 Kf8 25.Rd2 Kg8 26.Nd5 Nxd5 27.exd5 Bf6 28.
Nc6 Qb6 29.Qe4 Re8 30.b4 Bd8 31.Rd3 Qb7 32.Rda3 Bb6 33.g4 f6 34.Kf3 Bg1 
35.c3 Qb5 36.Kg2 Qb6 37.Re2 1-0

[Event "15th Rubinstein Memorial"]
[Site "Polanica Zdroj POL"]
[Date "1977.08.13"]
[Round "7"]
[White "Farago, Ivan"]
[Black "Adamski, Jan"]
[Result "1/2-1/2"]
[WhiteElo "2500"]
[BlackElo "2470"]
[EventDate "1977.08.05"]
[PlyCount "101"]

1.Nf3 Nf6 2.c4 c5 3.e3 g6 4.Nc3 Bg7 5.d4 O-O 6.Be2 cxd4 7.exd4 d5 8.O-O 
Nc6 9.Bg5 Ne4 10.Bh4 Nxc3 11.bxc3 dxc4 12.Bxc4 Na5 13.Bd3 Be6 14.Qa4 Bd5 
15.Rfe1 f6 16.Nd2 Rc8 17.Qb4 Re8 18.c4 Nc6 19.Qb5 Bf7 20.d5 Ne5 21.Be2 Qb6
22.Qxb6 axb6 23.f4 Nd7 24.Bf2 b5 25.Rab1 bxc4 26.Bxc4 f5 27.Bb5 Rcd8 28.
Nc4 Bxd5 29.Bxd7 Rxd7 30.Nb6 Rdd8 31.Nxd5 Rxd5 32.Rxb7 Bf6 33.a3 Rc8 34.
Rb3 Rc2 35.Be3 Ra2 36.Rf1 Ra5 37.Bc1 Bd4+ 38.Be3 Bb2 39.Rf2 Ra1+ 40.Rf1 
Rxf1+ 41.Kxf1 Bxa3 42.Rb8+ Kf7 43.Ke2 Bd6 44.Rh8 Ra2+ 45.Kf3 Ra3 46.Ke2 h5
47.h3 Ra4 48.Kf3 Rc4 49.Ra8 Rc3 50.Ke2 Rc4 51.Kf3 1/2-1/2

[Event "15th Rubinstein Memorial"]
[Site "Polanica Zdroj POL"]
[Date "1977.08.13"]
[Round "7"]
[White "Filipowicz, Andrzej"]
[Black "Vogt, Lothar"]
[Result "0-1"]
[WhiteElo "2355"]
[BlackElo "2495"]
[EventDate "1977.08.05"]
[PlyCount "73"]

1.e4 c5 2.Nf3 e6 3.d4 cxd4 4.Nxd4 Nf6 5.Nc3 d6 6.f4 Be7 7.Qf3 O-O 8.Be3 e5
9.Nf5 Bxf5 10.exf5 Qa5 11.O-O-O e4 12.Nxe4 Qxa2 13.Nc3 Qa1+ 14.Kd2 Qxb2 
15.Rb1 Qa3 16.Rxb7 d5 17.Rb3 Qd6 18.Nb5 Qd7 19.Nd4 Ne4+ 20.Kd1 Qa4 21.g3 
Bf6 22.Bb5 Qa5 23.Ne2 Na6 24.Bxa6 Qxa6 25.Bc1 Rac8 26.Rf1 Qc6 27.Qd3 Nc5 
28.Qb5 Nxb3 29.Qxb3 Rfe8 30.Rf3 d4 31.Bd2 a5 32.g4 a4 33.Qd3 a3 34.Nc1 Re3
35.Rxe3 dxe3 36.Qxe3 Qxc2+ 37.Ke1 0-1

[Event "15th Rubinstein Memorial"]
[Site "Polanica Zdroj POL"]
[Date "1977.08.13"]
[Round "7"]
[White "Ghitescu, Theodor"]
[Black "Ivkov, Borislav"]
[Result "1/2-1/2"]
[WhiteElo "2440"]
[BlackElo "2510"]
[EventDate "1977.08.05"]
[PlyCount "33"]

1.d4 Nf6 2.c4 e6 3.Nc3 Bb4 4.e3 O-O 5.Ne2 Re8 6.a3 Bf8 7.d5 d6 8.Ng3 c6 9.
Be2 exd5 10.cxd5 cxd5 11.O-O Nc6 12.Bf3 Ne5 13.Nxd5 Nxf3+ 14.Qxf3 Nxd5 15.
Qxd5 Qb6 16.b4 Be6 17.Qd2 1/2-1/2

[Event "15th Rubinstein Memorial"]
[Site "Polanica Zdroj POL"]
[Date "1977.08.13"]
[Round "7"]
[White "Gulko, Boris"]
[Black "Lebredo Zarragoitia, Gerardo"]
[Result "1-0"]
[WhiteElo "2585"]
[BlackElo "2220"]
[EventDate "1977.08.05"]
[PlyCount "65"]

1.c4 e5 2.g3 d6 3.Nc3 g6 4.d4 Nd7 5.Bg2 Bg7 6.e3 Ngf6 7.Nge2 O-O 8.b3 Re8 
9.Ba3 exd4 10.Nxd4 Nc5 11.O-O Nfe4 12.Nce2 a5 13.Qc2 Qe7 14.Rad1 Bd7 15.
Bc1 h5 16.f3 Nf6 17.e4 Nh7 18.h4 a4 19.b4 Na6 20.a3 c5 21.bxc5 dxc5 22.Nb5
Bxb5 23.cxb5 Nc7 24.Qc4 Ra5 25.Bh3 Nf8 26.Bg5 Bf6 27.Bxf6 Qxf6 28.Nc3 Qb6 
29.Rd5 Nxd5 30.Nxd5 Qd6 31.Qc3 Qxg3+ 32.Bg2 Re5 33.Qxa5 1-0

[Event "15th Rubinstein Memorial"]
[Site "Polanica Zdroj POL"]
[Date "1977.08.13"]
[Round "7"]
[White "Kirov, Nino"]
[Black "Diesen, Mark"]
[Result "1/2-1/2"]
[WhiteElo "2435"]
[BlackElo "2360"]
[EventDate "1977.08.05"]
[PlyCount "30"]

1.Nf3 Nf6 2.g3 g6 3.Bg2 Bg7 4.O-O O-O 5.d4 d6 6.c4 c6 7.Nc3 Bg4 8.h3 Bxf3 
9.Bxf3 Nbd7 10.b3 e5 11.e3 Re8 12.Qc2 Qe7 13.Ba3 e4 14.Bg2 h5 15.Rae1 Nf8 
1/2-1/2

[Event "15th Rubinstein Memorial"]
[Site "Polanica Zdroj POL"]
[Date "1977.08.13"]
[Round "7"]
[White "Kuzmin, Gennady"]
[Black "Pokojowczyk, Jerzy"]
[Result "1-0"]
[WhiteElo "2550"]
[BlackElo "2345"]
[EventDate "1977.08.05"]
[PlyCount "65"]

1.e4 c5 2.Nf3 d6 3.d4 Nf6 4.Nc3 cxd4 5.Nxd4 a6 6.Bg5 Nc6 7.Qd2 e6 8.O-O-O 
h6 9.Bf4 Bd7 10.Nxc6 Bxc6 11.Qe1 Qa5 12.Bc4 O-O-O 13.Bb3 b5 14.a3 Kb7 15.
f3 Be7 16.Qf2 Rd7 17.Rhe1 Rhd8 18.Nd5 Bxd5 19.exd5 e5 20.Bd2 Qb6 21.Be3 
Qa5 22.Kb1 Rc7 23.Re2 Nd7 24.Bd2 Qb6 25.Qe1 Qa7 26.Ba5 Nb6 27.f4 Bf6 28.
fxe5 Bxe5 29.Rxe5 dxe5 30.d6 Rcd7 31.Qxe5 Qb8 32.Bxb6 Kxb6 33.Qe3+ 1-0

[Event "15th Rubinstein Memorial"]
[Site "Polanica Zdroj POL"]
[Date "1977.08.13"]
[Round "7"]
[White "Mascarinas, Rico"]
[Black "Espig, Lutz"]
[Result "1/2-1/2"]
[WhiteElo "2345"]
[BlackElo "2485"]
[EventDate "1977.08.05"]
[PlyCount "137"]

1.e4 c5 2.Nf3 e6 3.c3 d5 4.exd5 exd5 5.d4 Nc6 6.Be2 Bd6 7.dxc5 Bxc5 8.O-O 
Nge7 9.Nbd2 O-O 10.Nb3 Bd6 11.Bg5 Bg4 12.h3 Bh5 13.Nfd4 Bxe2 14.Qxe2 Qd7 
15.Bxe7 Bxe7 16.Rad1 Rfe8 17.Nc2 Rad8 18.Qb5 a6 19.Qb6 Ne5 20.Ne3 Qc6 21.
Qxc6 bxc6 22.Nd4 Bc5 23.b3 Bb6 24.Ndc2 g6 25.g4 a5 26.Kg2 f6 27.Rd2 Nf7 
28.Nd4 Ne5 29.Rfd1 Kf7 30.Nf1 g5 31.Ng3 a4 32.Ngf5 Rd7 33.Re2 axb3 34.axb3
Ra8 35.Rde1 Bc7 36.b4 Ra3 37.Re3 Ra2 38.Nf3 Bb8 39.N5d4 Ra6 40.Nb3 Bd6 41.
Nbd4 Nxf3 42.Rxf3 Re7 43.Rxe7+ Bxe7 44.Nf5 Bf8 45.Rd3 Rb6 46.Kf3 Ke6 47.
Nd4+ Kd7 48.Nb3 Bd6 49.Ke2 Ra6 50.Rf3 Ra2+ 51.Kd3 Be5 52.Nc1 Ra1 53.Ne2 
Kd6 54.h4 h6 55.hxg5 hxg5 56.Re3 Rb1 57.Rf3 c5 58.bxc5+ Kxc5 59.Kc2 Ra1 
60.Kb3 Rf1 61.Rf5 Kd6 62.Kc2 Ra1 63.Kb3 Re1 64.Nd4 Rg1 65.f3 Rg2 66.Nb5+ 
Kc5 67.Nd4 Rd2 68.Ne6+ Kd6 69.Nd4 1/2-1/2

[Event "15th Rubinstein Memorial"]
[Site "Polanica Zdroj POL"]
[Date "1977.08.13"]
[Round "7"]
[White "Schinzel, Wladyslaw"]
[Black "Torre, Eugenio"]
[Result "0-1"]
[WhiteElo "2375"]
[BlackElo "2550"]
[EventDate "1977.08.05"]
[PlyCount "94"]

1.c4 e5 2.Nc3 Nf6 3.Nf3 d6 4.g3 c6 5.Bg2 Nbd7 6.O-O Be7 7.d4 O-O 8.Qc2 Re8
9.e4 a6 10.Rd1 Bf8 11.h3 b5 12.Be3 Bb7 13.cxb5 axb5 14.dxe5 dxe5 15.a3 Qb8
16.Bf1 Nc5 17.b4 Na4 18.Nxa4 Rxa4 19.Bd3 h6 20.Nd2 Qa8 21.Qb2 Bc8 22.Kh2 
Be6 23.f3 Rd8 24.Bc2 Ra6 25.Nb3 Rxd1 26.Bxd1 Nd7 27.Be2 Bxb3 28.Qxb3 Ra4 
29.Bd2 Nb6 30.h4 Qa6 31.Bc3 Nc4 32.Bxc4 bxc4 33.Qb2 f6 34.f4 exf4 35.gxf4 
Bd6 36.e5 fxe5 37.fxe5 Bc7 38.Qe2 Qb5 39.Qh5 Ra8 40.Rg1 Rf8 41.Rg2 Qd5 42.
a4 Qe4 43.a5 Rf3 44.Qxh6 Bxe5+ 45.Bxe5 Qxe5+ 46.Kg1 Qe1+ 47.Kh2 Rh3+ 0-1

[Event "15th Rubinstein Memorial"]
[Site "Polanica Zdroj POL"]
[Date "1977.08.14"]
[Round "8"]
[White "Diesen, Mark"]
[Black "Hort, Vlastimil"]
[Result "1/2-1/2"]
[WhiteElo "2360"]
[BlackElo "2620"]
[EventDate "1977.08.05"]
[PlyCount "69"]

1.e4 c5 2.Nf3 d6 3.d4 cxd4 4.Nxd4 Nf6 5.Nc3 e6 6.Be2 Be7 7.O-O Nc6 8.Be3 
a6 9.f4 O-O 10.Qe1 Nxd4 11.Bxd4 b5 12.Rd1 Bb7 13.Bf3 Ne8 14.a3 Qc7 15.Qf2 
Bc6 16.e5 Bxf3 17.Qxf3 Rc8 18.Kh1 Qc6 19.Qe3 dxe5 20.fxe5 Nc7 21.Ne4 Nd5 
22.Qg3 Qxc2 23.Nf6+ Kh8 24.Nxd5 exd5 25.Bc3 Qg6 26.Rxd5 Rfd8 27.Qh3 Qe6 
28.Rxd8+ Rxd8 29.Qf3 Qd5 30.Qxd5 Rxd5 31.g3 Kg8 32.Kg2 Rd3 33.Rf3 Rd1 34.
Rf1 Rd7 35.Rc1 1/2-1/2

[Event "15th Rubinstein Memorial"]
[Site "Polanica Zdroj POL"]
[Date "1977.08.14"]
[Round "8"]
[White "Pokojowczyk, Jerzy"]
[Black "Kirov, Nino"]
[Result "1/2-1/2"]
[WhiteElo "2345"]
[BlackElo "2435"]
[EventDate "1977.08.05"]
[PlyCount "36"]

1.e4 e6 2.d4 d5 3.Nd2 dxe4 4.Nxe4 Bd7 5.Nf3 Bc6 6.Bd3 Nd7 7.O-O Ngf6 8.Qe2
Bxe4 9.Bxe4 Nxe4 10.Qxe4 c6 11.c4 Be7 12.Bf4 O-O 13.Rad1 Qa5 14.Qc2 Rfd8 
15.a3 Bf6 16.Rd2 Nf8 17.Rfd1 Ng6 18.Be3 Rd7 1/2-1/2

[Event "15th Rubinstein Memorial"]
[Site "Polanica Zdroj POL"]
[Date "1977.08.14"]
[Round "8"]
[White "Quinteros, Miguel Angel"]
[Black "Ghitescu, Theodor"]
[Result "1/2-1/2"]
[WhiteElo "2555"]
[BlackElo "2440"]
[EventDate "1977.08.05"]
[PlyCount "82"]

1.d4 d5 2.c4 dxc4 3.Nf3 Nf6 4.e3 Bg4 5.Bxc4 e6 6.O-O Nbd7 7.h3 Bh5 8.Be2 
Bd6 9.Nc3 O-O 10.e4 e5 11.dxe5 Nxe5 12.Nd4 Bxe2 13.Qxe2 Ng6 14.Nf5 Be5 15.
f4 Bxc3 16.bxc3 Re8 17.e5 Nd5 18.c4 Nde7 19.Ng3 Nc6 20.Bb2 Qe7 21.Kh2 Rad8
22.Rf2 Qd7 23.Raf1 f6 24.Nh5 Nd4 25.Bxd4 Qxd4 26.e6 Qd6 27.Re1 Re7 28.Qg4 
Qc5 29.Rfe2 Rd4 30.Qf3 c6 31.f5 Qd6+ 32.Kh1 Ne5 33.Qg3 Nxc4 34.Nxf6+ Kh8 
35.Nh5 Qxg3 36.Nxg3 Rd5 37.Rf2 Nd6 38.Ree2 Kg8 39.Rd2 g6 40.fxg6 hxg6 41.
Rxd5 cxd5 1/2-1/2

[Event "15th Rubinstein Memorial"]
[Site "Polanica Zdroj POL"]
[Date "1977.08.14"]
[Round "8"]
[White "Schinzel, Wladyslaw"]
[Black "Kuzmin, Gennady"]
[Result "0-1"]
[WhiteElo "2375"]
[BlackElo "2550"]
[EventDate "1977.08.05"]
[PlyCount "82"]

1.c4 e5 2.Nc3 Nf6 3.Nf3 Nc6 4.g3 Bb4 5.Bg2 O-O 6.Nd5 Bc5 7.O-O d6 8.d3 
Nxd5 9.cxd5 Nd4 10.e3 Nxf3+ 11.Qxf3 f5 12.Qe2 Qe8 13.Bd2 a5 14.Kh1 Bd7 15.
e4 fxe4 16.Bxe4 Bh3 17.Bg2 Bf5 18.Bc3 Qb5 19.Rad1 Rae8 20.Rd2 Rf6 21.Be4 
Bh3 22.Bg2 Bxg2+ 23.Kxg2 Bb6 24.Qe4 c6 25.a4 Qxd5 26.Qxd5+ cxd5 27.d4 e4 
28.Ra1 Rc8 29.Ra3 Bd8 30.Rb3 b6 31.Rb5 Rf5 32.Re2 Rc4 33.Rxe4 dxe4 34.Rxf5
Rxa4 35.Rf4 b5 36.Rxe4 Kf7 37.Rf4+ Bf6 38.g4 Kg6 39.Re4 b4 40.Bd2 d5 41.
Re6 Kf7 0-1

[Event "15th Rubinstein Memorial"]
[Site "Polanica Zdroj POL"]
[Date "1977.08.14"]
[Round "8"]
[White "Torre, Eugenio"]
[Black "Lebredo Zarragoitia, Gerardo"]
[Result "1-0"]
[WhiteElo "2550"]
[BlackElo "2220"]
[EventDate "1977.08.05"]
[PlyCount "79"]

1.e4 e6 2.d4 d5 3.Nd2 c5 4.Ngf3 a6 5.dxc5 Bxc5 6.Bd3 Nc6 7.O-O Nf6 8.Qe2 
Qc7 9.a3 Bd7 10.e5 Ng4 11.b4 Be7 12.Bb2 f6 13.exf6 Bxf6 14.Bxf6 Nxf6 15.
Bf5 O-O 16.Bxe6+ Bxe6 17.Qxe6+ Kh8 18.Rae1 Rac8 19.Qh3 Qf7 20.Qf5 Ne7 21.
Qd3 Ng6 22.Ng5 Qd7 23.Ne6 Rfe8 24.Nc5 Qc7 25.Nf3 Rxe1 26.Rxe1 a5 27.Nd4 
axb4 28.axb4 b6 29.Nce6 Qd6 30.Qa6 Re8 31.Qb7 Re7 32.Qc8+ Re8 33.Qb7 Re7 
34.Qc8+ Re8 35.Ng5 Qxh2+ 36.Kxh2 Rxc8 37.Re6 h6 38.Nf7+ Kg8 39.Nd6 Ra8 40.
N6f5 1-0

[Event "15th Rubinstein Memorial"]
[Site "Polanica Zdroj POL"]
[Date "1977.08.15"]
[Round "9"]
[White "Filipowicz, Andrzej"]
[Black "Quinteros, Miguel Angel"]
[Result "1-0"]
[WhiteElo "2355"]
[BlackElo "2555"]
[EventDate "1977.08.05"]
[PlyCount "81"]

1.e4 c5 2.Nf3 d6 3.d4 cxd4 4.Nxd4 Nf6 5.Nc3 a6 6.f4 Nbd7 7.Be2 e5 8.Nf5 
Nc5 9.Ng3 Qb6 10.f5 Bd7 11.Rb1 Bc6 12.Bf3 Qc7 13.O-O b5 14.a3 Be7 15.Qe2 
Qb7 16.Rd1 O-O 17.Bg5 Rad8 18.Bxf6 Bxf6 19.Nd5 Bg5 20.Nf1 Bxd5 21.Rxd5 Na4
22.Rd3 Rfe8 23.b3 Nb6 24.Rbd1 Qc7 25.Ng3 Rb8 26.Kh1 Red8 27.Bh5 Rbc8 28.
Qf2 f6 29.Ne2 Qb8 30.Nc3 Rc6 31.Nd5 Nxd5 32.Rxd5 Qc7 33.c4 bxc4 34.bxc4 
Rxc4 35.Qa2 Kf8 36.R5d3 Rxe4 37.Rc3 Qd7 38.Rc6 d5 39.Qc2 Kg8 40.Rc7 Qa4 
41.Bf7+ 1-0

[Event "15th Rubinstein Memorial"]
[Site "Polanica Zdroj POL"]
[Date "1977.08.15"]
[Round "9"]
[White "Gulko, Boris"]
[Black "Espig, Lutz"]
[Result "1-0"]
[WhiteElo "2585"]
[BlackElo "2485"]
[EventDate "1977.08.05"]
[PlyCount "56"]

1.c4 Nf6 2.Nc3 e5 3.Nf3 d6 4.d4 Nbd7 5.e4 Be7 6.g3 O-O 7.Bg2 c6 8.O-O Re8 
9.Re1 Bf8 10.d5 a6 11.Bf1 Be7 12.Rb1 cxd5 13.cxd5 b5 14.b4 Nb6 15.a4 bxa4 
16.Nxa4 Nxa4 17.Qxa4 Bd7 18.Qa3 Qb8 19.Nd2 Rc8 20.Nc4 Bb5 21.Na5 Bxf1 22.
Kxf1 Qb5+ 23.Kg1 Rc2 24.Rb2 Rxb2 25.Qxb2 Bd8 26.Nc6 Nxe4 27.Rxe4 Qxd5 28.
Qc2 Qe6 1-0

[Event "15th Rubinstein Memorial"]
[Site "Polanica Zdroj POL"]
[Date "1977.08.15"]
[Round "9"]
[White "Kirov, Nino"]
[Black "Schinzel, Wladyslaw"]
[Result "1/2-1/2"]
[WhiteElo "2435"]
[BlackElo "2375"]
[EventDate "1977.08.05"]
[PlyCount "71"]

1.Nf3 Nf6 2.g3 c5 3.Bg2 g6 4.O-O Bg7 5.d4 cxd4 6.Nxd4 O-O 7.c4 Nc6 8.Nc3 
Nxd4 9.Qxd4 d6 10.Qd3 a6 11.Be3 Ng4 12.Bd4 Ne5 13.Qd1 Rb8 14.Nd5 b5 15.c5 
Bb7 16.Rc1 Bxd5 17.Bxd5 e6 18.Bg2 d5 19.f4 Nc6 20.Bxg7 Kxg7 21.e4 dxe4 22.
Bxe4 Rc8 23.Qxd8 Rfxd8 24.Rfd1 Rxd1+ 25.Rxd1 a5 26.Kf2 f5 27.Bg2 Kf6 28.
Rd6 Nb8 29.Rb6 Nd7 30.Rxb5 Rxc5 31.Bf1 h6 32.Ke3 Rc2 33.Rxa5 Rxb2 34.h4 g5
35.hxg5+ hxg5 36.Bc4 1/2-1/2

[Event "15th Rubinstein Memorial"]
[Site "Polanica Zdroj POL"]
[Date "1977.08.15"]
[Round "9"]
[White "Kuzmin, Gennady"]
[Black "Torre, Eugenio"]
[Result "1/2-1/2"]
[WhiteElo "2550"]
[BlackElo "2550"]
[EventDate "1977.08.05"]
[PlyCount "37"]

1.e4 d6 2.d4 Nf6 3.Nc3 g6 4.Nf3 Bg7 5.h3 O-O 6.Be2 c6 7.a4 Nbd7 8.O-O e5 
9.dxe5 dxe5 10.b4 a5 11.Ba3 axb4 12.Bxb4 Re8 13.Bc4 Bf8 14.Bxf8 Rxf8 15.
Qd2 Qe7 16.Qe3 Kg7 17.Nd2 Qc5 18.Qxc5 Nxc5 19.f3 1/2-1/2

[Event "15th Rubinstein Memorial"]
[Site "Polanica Zdroj POL"]
[Date "1977.08.15"]
[Round "9"]
[White "Lebredo Zarragoitia, Gerardo"]
[Black "Adamski, Jan"]
[Result "0-1"]
[WhiteElo "2220"]
[BlackElo "2470"]
[EventDate "1977.08.05"]
[PlyCount "70"]

1.Nf3 g6 2.g3 Bg7 3.Bg2 c5 4.O-O Nc6 5.c3 e5 6.e4 Nge7 7.d3 O-O 8.Nbd2 d6 
9.a4 h6 10.Ne1 Be6 11.Qe2 Qd7 12.Nc4 f5 13.exf5 gxf5 14.f4 e4 15.Nc2 d5 
16.Ne5 Nxe5 17.fxe5 d4 18.Bf4 Rad8 19.Rfd1 e3 20.b4 b6 21.bxc5 bxc5 22.
cxd4 cxd4 23.Rdb1 Rb8 24.Nb4 Rfc8 25.a5 Rb5 26.Na6 Nd5 27.Bxd5 Bxd5 28.e6 
Rxb1+ 29.Rxb1 Bxe6 30.Qb2 Bd5 31.Rc1 Rxc1+ 32.Qxc1 Kh7 33.Nc7 Bf3 34.Qc5 
Bb7 35.Be5 Qa4 0-1

[Event "15th Rubinstein Memorial"]
[Site "Polanica Zdroj POL"]
[Date "1977.08.15"]
[Round "9"]
[White "Mascarinas, Rico"]
[Black "Ivkov, Borislav"]
[Result "1-0"]
[WhiteElo "2345"]
[BlackElo "2510"]
[EventDate "1977.08.05"]
[PlyCount "67"]

1.Nf3 Nf6 2.c4 e6 3.g3 d5 4.d4 c5 5.cxd5 exd5 6.Bg2 Nc6 7.O-O Be7 8.dxc5 
Bxc5 9.b3 O-O 10.Bb2 Ne4 11.Nc3 Nxc3 12.Bxc3 d4 13.Bb2 Re8 14.Rc1 Bb6 15.
Qd2 Bg4 16.Rfd1 Qe7 17.h3 Bh5 18.g4 Ba5 19.Qf4 Bc7 20.Qd2 Ba5 21.Qf4 Qxe2 
22.Ba1 Bg6 23.Nxd4 Qe5 24.Qxe5 Nxe5 25.Nf5 Bxf5 26.gxf5 Nc6 27.Rd7 Nd8 28.
Kf1 Bb6 29.Bd5 Rb8 30.Bb2 h6 31.b4 Kf8 32.a4 a5 33.b5 Kg8 34.Rd6 1-0

[Event "15th Rubinstein Memorial"]
[Site "Polanica Zdroj POL"]
[Date "1977.08.16"]
[Round "10"]
[White "Ivkov, Borislav"]
[Black "Farago, Ivan"]
[Result "1/2-1/2"]
[WhiteElo "2510"]
[BlackElo "2500"]
[EventDate "1977.08.05"]
[PlyCount "34"]

1.c4 Nf6 2.Nf3 e6 3.d4 d5 4.cxd5 exd5 5.Nc3 c6 6.Bg5 Be7 7.Qc2 g6 8.e3 Bf5
9.Bd3 Bxd3 10.Qxd3 Nbd7 11.Rb1 a5 12.Bh6 Ng4 13.Bg7 Rg8 14.Be5 Ngxe5 15.
Nxe5 Nxe5 16.dxe5 Kf8 17.O-O Kg7 1/2-1/2

[Event "15th Rubinstein Memorial"]
[Site "Polanica Zdroj POL"]
[Date "1977.08.16"]
[Round "10"]
[White "Pokojowczyk, Jerzy"]
[Black "Ghitescu, Theodor"]
[Result "1/2-1/2"]
[WhiteElo "2345"]
[BlackElo "2440"]
[EventDate "1977.08.05"]
[PlyCount "55"]

1.e4 e5 2.Nf3 Nc6 3.Bb5 Nge7 4.c3 a6 5.Ba4 d6 6.O-O Bd7 7.d4 Ng6 8.Be3 Be7
9.Nbd2 h6 10.d5 Nb8 11.Bxd7+ Nxd7 12.b4 O-O 13.Nb3 f5 14.exf5 Rxf5 15.c4 
Qf8 16.Rc1 Qf7 17.Nfd2 Nf4 18.Ne4 Rf8 19.Qc2 h5 20.Rfe1 h4 21.Bxf4 Rxf4 
22.h3 Qg6 23.Nbd2 Bg5 24.Nxg5 Qxg5 25.Ne4 Qg6 26.a3 Nf6 27.Nxf6+ Qxf6 28.
Re2 1/2-1/2

[Event "15th Rubinstein Memorial"]
[Site "Polanica Zdroj POL"]
[Date "1977.08.16"]
[Round "10"]
[White "Quinteros, Miguel Angel"]
[Black "Mascarinas, Rico"]
[Result "1-0"]
[WhiteElo "2555"]
[BlackElo "2345"]
[EventDate "1977.08.05"]
[PlyCount "75"]

1.Nf3 Nf6 2.g3 d5 3.Bg2 Bg4 4.h3 Bh5 5.d3 Nbd7 6.g4 Bg6 7.Nh4 e6 8.Nd2 Ng8
9.Nxg6 hxg6 10.e4 c6 11.Qe2 dxe4 12.dxe4 Qc7 13.Nf3 e5 14.Bd2 Nc5 15.g5 
Bd6 16.h4 Ne7 17.Bh3 a5 18.O-O-O b5 19.Be3 Nb7 20.Rd3 c5 21.c4 b4 22.Bg4 
Nc6 23.Rd5 Ne7 24.Rdd1 Nc6 25.Kb1 Nd4 26.Nxd4 cxd4 27.Bc1 a4 28.Bd2 Na5 
29.Rc1 Nb3 30.c5 Nxd2+ 31.Qxd2 Bxc5 32.Qd3 Ra5 33.Qc4 Qb7 34.f3 Be7 35.h5 
Bxg5 36.hxg6 Rxh1 37.Rxh1 Bh6 38.Rxh6 1-0

[Event "15th Rubinstein Memorial"]
[Site "Polanica Zdroj POL"]
[Date "1977.08.16"]
[Round "10"]
[White "Torre, Eugenio"]
[Black "Adamski, Jan"]
[Result "1/2-1/2"]
[WhiteElo "2550"]
[BlackElo "2470"]
[EventDate "1977.08.05"]
[PlyCount "28"]

1.Nf3 Nf6 2.g3 b6 3.Bg2 Bb7 4.O-O c5 5.d3 e6 6.e4 d6 7.Nbd2 Be7 8.Ne1 Nc6 
9.f4 O-O 10.g4 d5 11.g5 Ne8 12.e5 f6 13.exf6 gxf6 14.Ndf3 Ng7 1/2-1/2

[Event "15th Rubinstein Memorial"]
[Site "Polanica Zdroj POL"]
[Date "1977.08.17"]
[Round "11"]
[White "Filipowicz, Andrzej"]
[Black "Pokojowczyk, Jerzy"]
[Result "1/2-1/2"]
[WhiteElo "2355"]
[BlackElo "2345"]
[EventDate "1977.08.05"]
[PlyCount "38"]

1.e4 c5 2.Nf3 d6 3.d4 Nf6 4.Nc3 cxd4 5.Nxd4 a6 6.f4 Qc7 7.Bd3 g6 8.O-O Bg7
9.Kh1 Nbd7 10.Nf3 b5 11.Qe1 Nc5 12.Bd2 Bb7 13.b4 Nxd3 14.cxd3 O-O 15.Rc1 
Qd7 16.Qh4 e6 17.Be3 Rfc8 18.Bd4 Qd8 19.Ne2 Ne8 1/2-1/2

[Event "15th Rubinstein Memorial"]
[Site "Polanica Zdroj POL"]
[Date "1977.08.17"]
[Round "11"]
[White "Ghitescu, Theodor"]
[Black "Schinzel, Wladyslaw"]
[Result "1/2-1/2"]
[WhiteElo "2440"]
[BlackElo "2375"]
[EventDate "1977.08.05"]
[PlyCount "33"]

1.c4 e5 2.Nc3 d6 3.d4 Nd7 4.e4 Ngf6 5.Nf3 c6 6.Be2 Be7 7.O-O O-O 8.Re1 Qc7
9.Bf1 Re8 10.d5 a5 11.Rb1 Nc5 12.b3 Bd7 13.Nd2 Reb8 14.a3 cxd5 15.cxd5 b5 
16.b4 axb4 17.Rxb4 1/2-1/2

[Event "15th Rubinstein Memorial"]
[Site "Polanica Zdroj POL"]
[Date "1977.08.17"]
[Round "11"]
[White "Gulko, Boris"]
[Black "Ivkov, Borislav"]
[Result "1-0"]
[WhiteElo "2585"]
[BlackElo "2510"]
[EventDate "1977.08.05"]
[PlyCount "77"]

1.e4 e5 2.Nf3 Nc6 3.Bb5 a6 4.Ba4 Nf6 5.O-O Be7 6.Re1 b5 7.Bb3 d6 8.c3 O-O 
9.d4 Bg4 10.Be3 exd4 11.cxd4 Na5 12.Bc2 Nc4 13.Bc1 c5 14.b3 Na5 15.d5 Nd7 
16.Nbd2 Bf6 17.Rb1 Bc3 18.h3 Bxf3 19.Qxf3 b4 20.Rf1 Re8 21.Qd3 Ne5 22.Qe2 
Qb6 23.f4 Nd3 24.Nf3 Nxc1 25.Rbxc1 c4+ 26.Kh1 cxb3 27.axb3 g6 28.e5 dxe5 
29.fxe5 Qf6 30.Qe3 Bxe5 31.Ng5 Bb2 32.Qg3 Qe5 33.Qh4 Qg7 34.Rxf7 Qxf7 35.
Nxf7 Bxc1 36.d6 Nb7 37.Be4 Rab8 38.Bd5 Kg7 39.Qd4+ 1-0

[Event "15th Rubinstein Memorial"]
[Site "Polanica Zdroj POL"]
[Date "1977.08.17"]
[Round "11"]
[White "Kirov, Nino"]
[Black "Torre, Eugenio"]
[Result "1/2-1/2"]
[WhiteElo "2435"]
[BlackElo "2550"]
[EventDate "1977.08.05"]
[PlyCount "89"]

1.Nf3 Nf6 2.g3 d6 3.d4 Nbd7 4.Bg2 e5 5.c4 Be7 6.Nc3 O-O 7.O-O c6 8.e4 a6 
9.Qc2 Re8 10.h3 Bf8 11.Rd1 b5 12.c5 exd4 13.Nxd4 dxc5 14.Nxc6 Qb6 15.e5 
Bb7 16.exf6 Nxf6 17.Ne4 Nxe4 18.Bxe4 h6 19.Bd5 Kh8 20.Nb4 cxb4 21.Be3 Rxe3
22.fxe3 Bxd5 23.Rxd5 Qxe3+ 24.Kh2 Re8 25.Rf1 f6 26.Qd2 Qxd2+ 27.Rxd2 Bc5 
28.Kg2 Re5 29.Rfd1 Kh7 30.Rc2 a5 31.Rd7 a4 32.Rb7 Bd4 33.Rd2 Re4 34.Rxb5 
Be5 35.Kf3 Rc4 36.Rbd5 a3 37.bxa3 bxa3 38.R5d3 Bb2 39.Rd7 Rc1 40.Rb7 Ra1 
41.Rdd7 f5 42.Rd5 Rxa2 43.Rxf5 Ra1 44.Ra5 Bc3 45.Rba7 1/2-1/2

[Event "15th Rubinstein Memorial"]
[Site "Polanica Zdroj POL"]
[Date "1977.08.17"]
[Round "11"]
[White "Lebredo Zarragoitia, Gerardo"]
[Black "Vogt, Lothar"]
[Result "1/2-1/2"]
[WhiteElo "2220"]
[BlackElo "2495"]
[EventDate "1977.08.05"]
[PlyCount "68"]

1.g3 g6 2.Bg2 Bg7 3.c4 e5 4.Nc3 d6 5.d3 c6 6.e4 Ne7 7.Nge2 O-O 8.O-O Nd7 
9.h3 f5 10.Be3 Nf6 11.Qd2 Be6 12.exf5 Nxf5 13.Bg5 h6 14.Bxf6 Rxf6 15.a4 a5
16.Rab1 Rf7 17.b4 axb4 18.Rxb4 Rc8 19.Rfb1 Rcc7 20.a5 Kh7 21.a6 bxa6 22.
Rb6 Ne7 23.Ne4 Bc8 24.d4 exd4 25.Nxd4 d5 26.cxd5 cxd5 27.Nd6 Rf6 28.Nxc8 
Qxc8 29.Rxf6 Bxf6 30.Rb6 Bg7 31.Qf4 Bxd4 32.Qxd4 Rc6 33.Rxc6 Qxc6 34.Qa7 
Qc1+ 1/2-1/2

[Event "15th Rubinstein Memorial"]
[Site "Polanica Zdroj POL"]
[Date "1977.08.19"]
[Round "12"]
[White "Diesen, Mark"]
[Black "Farago, Ivan"]
[Result "0-1"]
[WhiteElo "2360"]
[BlackElo "2500"]
[EventDate "1977.08.05"]
[PlyCount "72"]

1.e4 e6 2.d4 d5 3.Nd2 Nf6 4.e5 Nfd7 5.c3 c5 6.Bd3 Nc6 7.Ne2 cxd4 8.cxd4 f6
9.exf6 Nxf6 10.Nf3 Bd6 11.O-O Qb6 12.Nc3 O-O 13.Be3 Bd7 14.Re1 Rae8 15.a3 
Qd8 16.Bg5 Qb8 17.Qc2 h6 18.Be3 e5 19.Bg6 Rc8 20.Qd1 Bg4 21.dxe5 Nxe5 22.
Bc2 Kh8 23.Bd4 Bxf3 24.gxf3 Rc4 25.Re3 Ned7 26.Bxf6 Nxf6 27.Qd3 Bc5 28.h3 
Bxe3 29.Qxe3 Rh4 30.Ne2 Re8 31.Qd2 Qe5 32.Ng3 Qxb2 33.Rb1 Rd4 34.Qxh6+ 
gxh6 35.Rxb2 Rd2 36.Nf1 Rg8+ 0-1